[Event "Africa zt 4.4 op"]
[Site "Antananarivo"]
[Date "2024.01.18"]
[Round "9"]
[White "Lam Kin Cheung, Stephane"]
[Black "Rakotomaharavo, Dylan"]
[Result "0-1"]
[WhiteElo "1560"]
[BlackElo "1993"]
[PlyCount "72"]
[EventDate "2024.01.11"]
[EventType "swiss"]
[EventRounds "9"]
[EventCountry "MAD"]
[SourceTitle "CB05_2024"]
[SourceDate "2024.01.31"]
[SourceVersion "1"]
[SourceVersionDate "2024.01.31"]
[SourceQuality "1"]

1. e4 c5 2. Nc3 e6 3. f4 Nc6 4. Nf3 a6 5. d4 cxd4 6. Nxd4 d5 7. Be3 Nf6 8. e5 Nd7 9. Qd2 Bb4 10. a3 Ba5 11. g3 0-0 12. h4 Re8 13. h5 f6 14. exf6 Nxf6 15. Bg2 e5 16. fxe5 Nxe5 17. b3 Neg4 18. b4 Nxe3 19. Kf2 Bb6 20. Rac1 Nf5 21. Nce2 Rxe2+ 22. Kxe2 Nxd4+ 23. Kd3 Qc7 24. Qg5 Qc4+ 25. Kd2 Qe2+ 26. Kc3 Qxg2 27. h6 Ne4+ 28. Kb2 Nxg5 29. Rhf1 Bf5 30. hxg7 Kxg7 31. Rxf5 Nxf5 32. g4 Ne3 33. Kb3 Rc8 34. c4 Rxc4 35. Rc3 Rxc3+ 36. Ka4 Qc2# 0-1

[Event "Africa zt 4.4 op"]
[Site "Antananarivo"]
[Date "2024.01.15"]
[Round "6"]
[White "Ah Kye, Benitot"]
[Black "Lam Kin Cheung, Stephane"]
[Result "0-1"]
[WhiteElo "1708"]
[BlackElo "1560"]
[PlyCount "58"]
[EventDate "2024.01.11"]
[EventType "swiss"]
[EventRounds "9"]
[EventCountry "MAD"]
[SourceTitle "CB05_2024"]
[SourceDate "2024.01.31"]
[SourceVersion "1"]
[SourceVersionDate "2024.01.31"]
[SourceQuality "1"]

1. e4 e6 2. d4 d5 3. Nc3 Nf6 4. e5 Ng8 5. f4 c5 6. Nf3 Nh6 7. Be3 Nf5 8. Bf2 Nc6 9. dxc5 Qa5 10. g4 Nh6 11. Nd2 Bxc5 12. Bxc5 Qxc5 13. Nb5 Ke7 14. Qf3 a6 15. Nb3 Qxc2 16. Bd3 Qxb2 17. g5 axb5 18. gxh6 gxh6 19. Qg3 Rxa2 20. Qh4+ Ke8 21. Rxa2 Qxa2 22. Qf6 Rf8 23. Nd2 Qa3 24. Ke2 Nd4+ 25. Ke3 Nf5+ 26. Ke2 Bd7 27. Bxf5 exf5 28. Rd1 Rg8 29. Rg1 Rxg1 0-1

[Event "Africa zt 4.4 op"]
[Site "Antananarivo"]
[Date "2024.01.12"]
[Round "3"]
[White "Ghebrehiwet, Hannil Ghebremedhn"]
[Black "Lam Kin Cheung, Stephane"]
[Result "1-0"]
[WhiteElo "1874"]
[BlackElo "1560"]
[PlyCount "175"]
[EventDate "2024.01.11"]
[EventType "swiss"]
[EventRounds "9"]
[EventCountry "MAD"]
[SourceTitle "CB05_2024"]
[SourceDate "2024.01.31"]
[SourceVersion "1"]
[SourceVersionDate "2024.01.31"]
[SourceQuality "1"]

1. c4 e6 2. Nf3 f5 3. a3 Nf6 4. Nc3 b6 5. d3 Bb7 6. h3 d6 7. Nd4 Qe7 8. Qa4+ c6 9. g3 Qd7 10. e4 g6 11. Bg2 e5 12. Nde2 Bg7 13. Bg5 h6 14. Bxf6 Bxf6 15. h4 Na6 16. b4 Nc7 17. Bh3 a5 18. h5 g5 19. Bxf5 Qe7 20. b5 c5 21. Nd1 0-0 22. Ne3 Bg7 23. Rh2 Ne6 24. Bxe6+ Qxe6 25. 0-0-0 Rf7 26. g4 Raf8 27. Nf5 Rxf5 28. gxf5 Qe7 29. Rg1 Bc8 30. Nc3 Bb7 31. Qd1 Kh7 32. Kb1 Bf6 33. Ka2 Qf7 34. Rg3 Ba8 35. Qg4 Bb7 36. Rf3 Ba8 37. Na4 Qc7 38. Qg1 Rf7 39. Rg2 Qd8 40. Rfg3 Rg7 41. Nc3 Bb7 42. Nd1 Ba8 43. Kb1 Qd7 44. Nc3 Bb7 45. Ne2 Ba8 46. Nc3 Bb7 47. Nd1 Ba8 48. Ne3 Bb7 49. Qe1 Qd8 50. Qe2 Ba8 51. Rg1 Bb7 52. Re1 Rf7 53. Kc2 Ba8 54. Kd2 Bb7 55. Nd5 Bxd5 56. exd5 Re7 57. Qe4 Kg7 58. Qg4 Kf7 59. Re4 Qd7 60. Rg1 Qd8 61. Rge1 Qd7 62. Kd1 Qd8 63. f4 Qd7 64. R1e2 Qd8 65. fxg5 hxg5 66. h6 Qh8 67. Qh5+ Kf8 68. Qg6 Rh7 69. Rh2 Ke7 70. Rg4 Kf8 71. Ke2 Ke7 72. Kf3 Kf8 73. Ke4 Ke7 74. Rh5 Kf8 75. Rgxg5 Ke7 76. Rg4 Kf8 77. Rh1 Ke7 78. Qg8 Qxg8 79. Rxg8 Kd7 80. Kf3 Bd8 81. Rg7+ Rxg7 82. hxg7 e4+ 83. dxe4 a4 84. g8Q Kc8 85. Rh8 Kb7 86. Qf7+ Bc7 87. Qd7 Ka7 88. Qxc7# 1-0

[Event "Saint Denis op"]
[Site "Saint Denis"]
[Date "2022.10.13"]
[Round "1"]
[White "De Peindray D'Ambell, Philippe"]
[Black "Lam Kin Cheung, Stephane"]
[Result "1-0"]
[WhiteElo "1788"]
[BlackElo "1199"]
[PlyCount "65"]
[EventDate "2022.10.13"]
[EventType "swiss"]
[EventRounds "9"]
[EventCountry "RUF"]
[SourceTitle "EXT 2024"]
[Source "ChessBase"]
[SourceDate "2023.10.10"]
[SourceVersion "1"]
[SourceVersionDate "2023.10.10"]
[SourceQuality "1"]

1. e4 e6 2. d4 d5 3. Nc3 dxe4 4. Nxe4 Bd7 5. Nf3 Bc6 6. Bd3 Nd7 7. Qe2 Ngf6 8. Bg5 Be7 9. Bxf6 Nxf6 10. Nxf6+ Bxf6 11. c3 Bxf3 12. Qxf3 c6 13. 0-0 0-0 14. a4 a5 15. Rfe1 g6 16. g3 Bg7 17. h4 Qc7 18. h5 Rac8 19. Kg2 Rfd8 20. Bc2 e5 21. dxe5 Bxe5 22. Re2 Rd7 23. Rae1 Bg7 24. Re8+ Bf8 25. hxg6 hxg6 26. Bxg6 Rxe8 27. Rxe8 Kg7 28. Bb1 Rd8 29. Qg4+ Kf6 30. Qf5+ Kg7 31. Qg5+ Kh8 32. Qh6+ Kg8 33. Qh7# 1-0

[Event "Saint Denis op"]
[Site "Saint Denis"]
[Date "2022.10.13"]
[Round "7"]
[White "Lam Kin Cheung, Stephane"]
[Black "Jotee, Ashvin"]
[Result "0-1"]
[WhiteElo "1199"]
[BlackElo "1815"]
[PlyCount "102"]
[EventDate "2022.10.13"]
[EventType "swiss"]
[EventRounds "9"]
[EventCountry "RUF"]
[SourceTitle "EXT 2024"]
[Source "ChessBase"]
[SourceDate "2023.10.10"]
[SourceVersion "1"]
[SourceVersionDate "2023.10.10"]
[SourceQuality "1"]

1. e4 e6 2. d4 d5 3. exd5 exd5 4. Nf3 Bd6 5. Bd3 Nc6 6. Be3 Bg4 7. h3 Bh5 8. Nc3 Nge7 9. a3 a6 10. g4 Bg6 11. Qe2 Bxd3 12. Qxd3 Qd7 13. 0-0-0 0-0-0 14. Rhe1 Rde8 15. Kb1 f6 16. Nd2 h5 17. Nb3 hxg4 18. hxg4 Nd8 19. f3 Ne6 20. Nc5 Nxc5 21. dxc5 Bg3 22. Rg1 Bh2 23. Rg2 Be5 24. f4 Bxc3 25. Qxc3 Ng6 26. f5 Rh3 27. Re2 Nf4 28. Bxf4 Rxc3 29. Rxe8+ Qxe8 30. bxc3 Qb5+ 31. Kc1 Qxc5 32. Kb2 c6 33. Rd4 Qe7 34. Bd2 Qe2 35. Kc1 Kc7 36. Kb2 Qg2 37. Bf4+ Kd7 38. Kb3 b5 39. Bd2 c5 40. Rxd5+ Qxd5+ 41. c4 Qxd2 42. cxb5 axb5 43. g5 c4+ 44. Kb2 Qd4+ 45. c3 Qd2+ 46. Kb1 fxg5 47. f6 gxf6 48. a4 g4 49. a5 g3 50. a6 g2 51. a7 g1Q# 0-1

[Event "Saint Denis op"]
[Site "Saint Denis"]
[Date "2022.10.13"]
[Round "2"]
[White "Lam Kin Cheung, Stephane"]
[Black "Lai Cheung Kit, Guillaume"]
[Result "1-0"]
[WhiteElo "1199"]
[BlackElo "1011"]
[PlyCount "87"]
[EventDate "2022.10.13"]
[EventType "swiss"]
[EventRounds "9"]
[EventCountry "RUF"]
[SourceTitle "EXT 2024"]
[Source "ChessBase"]
[SourceDate "2023.10.10"]
[SourceVersion "1"]
[SourceVersionDate "2023.10.10"]
[SourceQuality "1"]

1. e4 d5 2. exd5 Nf6 3. d4 Nxd5 4. c4 Nb6 5. Nf3 Bg4 6. Be3 e6 7. Be2 Bb4+ 8. Nc3 0-0 9. 0-0 Be7 10. h3 Bh5 11. b3 Bb4 12. Rc1 Ba3 13. Rc2 Bg6 14. Bd3 Nc6 15. Bxg6 fxg6 16. Bg5 Qe8 17. Nb5 Qd7 18. Nxa3 Nb4 19. Rd2 a5 20. Ne5 Qd6 21. c5 Qd5 22. cxb6 cxb6 23. Be7 Rfe8 24. Bxb4 axb4 25. Nac4 Ra6 26. Qf3 Qxf3 27. Nxf3 b5 28. Nce5 Rea8 29. Rc1 h6 30. Rcc2 Kh7 31. Nd3 g5 32. Nxb4 Ra3 33. Ne5 h5 34. Nbd3 Rf8 35. Nc5 Rf7 36. Nxf7 Ra8 37. Nxg5+ Kg6 38. Ngxe6 Rb8 39. d5 Kf7 40. d6 Ke8 41. d7+ Ke7 42. d8Q+ Rxd8 43. Nxd8 b6 44. Nce6 1-0